00624nam a2200193Ia 4500008004100000020001800041082001700059100001800076245003400094250000700128260004700135300003000182500001900212600002700231650001500258942000700273952013300280999001700413240925s9999 xx 000 0 und d a9788122436370 a621.3817 GUP aVeluswamy, S. 0aInformation Theory and Coding aNA aNew Delhi:bS.K. Kartaria and sonsc,2014. axviii,1136p.b0fOriginal aIncludes Index aElectronic Engineering aTechnology cBK 001040708ELaUITUbUITUd2015-03-03eRoyal Book Companyg463.20l0o621.3817 GUPpQ10291r2024-09-25 07:15:39w2024-09-25yBK c12790d12790